| 000 | 00829nam a2200241 u 4500 | ||
|---|---|---|---|
| 005 | 20240203063640.0 | ||
| 008 | 120523s2006 r 000 0 eng d | ||
| 020 | _a9872302227 (10 dígitos) | ||
| 020 | _a9789872302221 (13dígitos) | ||
| 035 | _aUPN01000184574 | ||
| 049 | _aCG | ||
| 050 | 4 |
_aHV6433 A4.4 _bA7.6 |
|
| 245 | 0 | 0 |
_aArqueología de la represión y la resistencia en América Latina : _b1960-1980 / _ccomp. Pedro Paulo A. Funari. |
| 260 |
_aCórdoba, Arg. : _bBrujas : _bEncuentro, _c2006. |
||
| 300 |
_a186 p. : _bil. |
||
| 440 | 0 | _aContextos humanos | |
| 650 | 4 |
_aTerrorismo de estado _zAmérica Latina _913357 |
|
| 650 | 4 |
_aPERSONAS DESAPARECIDAS - _zAMERICA LATINA _913316 |
|
| 650 | 4 |
_aGENOCIDIO - _zAMERICA LATINA _913339 |
|
| 700 | 1 |
_aFunari, Pedro Paulo A., _ecomp. |
|
| 905 | _aLibro | ||
| 999 |
_c156677 _d156677 |
||